000 00909nam a2200301Ia 4500
001 dia_3492
003 CHAP
005 20230323123159.0
008 220117s2014 xx 000 0 und d
010 _a177429
020 _a978-84-7808-976-5 (v.1) \ 978-84-7808-977-2 (v.2)
040 _cCHAP
082 _a808.887 B34 M36 2014
100 _aBaghera, Rashe
_9161180
245 _aMandalas para colorear /
_c Rashe Baghera
260 _aMéxico :
_b Sirio,
_c2014
300 _a2 v.
505 _aIlustraciones para colorear
590 _aBL604.M36 B34 2014
650 _aColoring book
_9161181
650 _aLibros para colorear
_9161182
650 _aMandala (Mistic symbol)
_9161183
650 _aMandala (Símbolo místico)
_9161184
901 _a808.887 B34 M36 2014
902 _aA
905 _a5222272014 mx a 9222222322spa26
942 _cLIBRO
_2ddc
999 _c177429
_d177429